The world is open (E-BOOK) (Record no. 193262)

000 -LEADER
fixed length control field 01517 a2200229 4500
003 - CONTROL NUMBER IDENTIFIER
control field Nust
005 - DATE AND TIME OF LATEST TRANSACTION
control field 20170207154054.0
010 ## - LIBRARY OF CONGRESS CONTROL NUMBER
LC control number 2009013925
020 ## - INTERNATIONAL STANDARD BOOK NUMBER
International Standard Book Number 0470461306 (hbk.)
020 ## - INTERNATIONAL STANDARD BOOK NUMBER
International Standard Book Number 9780470461303 (hbk.)
035 ## - SYSTEM CONTROL NUMBER
System control number (OCoLC)ocn299694926
040 ## - CATALOGING SOURCE
Transcribing agency Nust
082 00 - DEWEY DECIMAL CLASSIFICATION NUMBER
Classification number 371.3344678
100 1# - MAIN ENTRY--PERSONAL NAME
Personal name Bonk, Curtis Jay.
245 14 - TITLE STATEMENT
Title The world is open (E-BOOK)
Remainder of title how Web technology is revolutionizing education /
Statement of responsibility, etc. Curtis J. Bonk.
250 ## - EDITION STATEMENT
Edition statement 1st ed.
260 ## - PUBLICATION, DISTRIBUTION, ETC.
Place of publication, distribution, etc. San Francisco, Calif. :
Name of publisher, distributor, etc. Jossey-Bass,
Date of publication, distribution, etc. c2009.
300 ## - PHYSICAL DESCRIPTION
Extent x, 470 p. ;
Dimensions 24 cm.
505 0# - FORMATTED CONTENTS NOTE
Formatted contents note Introduction to the open learning world -- We all learn -- To search and to scan. Opener #1: Web searching in the world of e-books -- E-demand around the globe. Opener #2: E-learning and blended learning -- It's a free software world after all. Opener #3: Availability of open source and free software -- MIT in every home. Opener #4: Leveraged object repositories and portals -- Portals for the people. Opener #5: Learning object repositories and portals -- Making a contribution. Opener #6: Learner participation in open information communities -- Collaborate or die! Opener #7: Electronic collaboration and interaction -- Who are you? Opener #8: Alternative reality learning -- U-learning? Opener #9: Real-time mobility and portability -- Learning at your service. Opener #10: Networks of personalized learning -- The treasures and traps of this open learning world.
650 #0 - SUBJECT ADDED ENTRY--TOPICAL TERM
Topical term or geographic name entry element Internet in education.
651 ## - SUBJECT ADDED ENTRY--GEOGRAPHIC NAME
Geographic name The world is open (E-BOOK)
942 ## - ADDED ENTRY ELEMENTS (KOHA)
Source of classification or shelving scheme
Koha item type Book
Holdings
Withdrawn status Lost status Source of classification or shelving scheme Damaged status Not for loan Collection code Permanent Location Current Location Date acquired Total Checkouts Full call number Barcode Date last seen Price effective from Koha item type
            Military College of Signals (MCS) Military College of Signals (MCS) 12/12/2016   371.3344678 BON MCSEB-2517 12/08/2016 12/12/2016 Book
© 2023 Central Library, National University of Sciences and Technology. All Rights Reserved.